000 00457 a2200181 4500
005 20140621114531.0
008 140621b xxu||||| |||| 00| 0 eng d
020 _a9780600622307
080 _a294.527
_bWAL
100 _aWalker, Dory
245 _aMy yoga guru
_byour ultimate yoga instructor
260 _bHamlyn
_c2012
_aLondon
300 _a176p.
653 _aYoga
653 _aHealth - Yoga
653 _aYoga - advanced practices
942 _cBK
999 _c76573
_d76572